ՀՀ Գիտությունների ազգային ակադեմիայի հիմնարար գիտական գրադարան  =   Fundamental Scientific Library of NAS RA

Неполивная орнаментированная керамика из раскопок Двина и Ани : (Record no. 537984)

MARC details
000 -LEADER
fixed length control field 00811nam a2200217 a 4500
001 - CONTROL NUMBER
control field 1821672
003 - CONTROL NUMBER IDENTIFIER
control field AM-YEHGA
005 - DATE AND TIME OF LATEST TRANSACTION
control field 20260312150845.0
008 - FIXED-LENGTH DATA ELEMENTS--GENERAL INFORMATION
fixed length control field 220303s1954 ai ||||frm||||000|||rus|d
040 ## - CATALOGING SOURCE
Original cataloging agency AM-YEHGA
041 0# - LANGUAGE CODE
Language code of text/sound track or separate title rus
100 1# - MAIN ENTRY--PERSONAL NAME
Personal name Караханян, Г. О.
245 10 - TITLE STATEMENT
Title Неполивная орнаментированная керамика из раскопок Двина и Ани :
Remainder of title Автореф. дис. на соиск. учен. степ. к.и.н. /
Statement of responsibility, etc. Г.О. Караханян.
260 ## - PUBLICATION, DISTRIBUTION, ETC.
Place of publication, distribution, etc. Ереван,
Name of publisher, distributor, etc. Б. и.,
Date of publication, distribution, etc. 1954.
300 ## - PHYSICAL DESCRIPTION
Extent 30 с.
502 ## - DISSERTATION NOTE
Dissertation note АН АрмССР. Ин-т истории
650 14 - SUBJECT ADDED ENTRY--TOPICAL TERM
Topical term or geographic name entry element История
650 14 - SUBJECT ADDED ENTRY--TOPICAL TERM
Topical term or geographic name entry element Орнаментированная керамика
Geographic subdivision Двин
-- Ани
655 #4 - INDEX TERM--GENRE/FORM
Genre/form data or focus term Սեղմագրեր
942 ## - ADDED ENTRY ELEMENTS (KOHA)
Source of classification or shelving scheme Universal Decimal Classification
Koha item type Ատենախոսություններ / Dissertations
Holdings
Withdrawn status Lost status Damaged status Not for loan Collection Home library Current library Date acquired Total checkouts Full call number Barcode Date last seen Price effective from Koha item type Public note
        Kusikian Individual Collection Fundamental Scientific Library Fundamental Scientific Library 22/10/2025   Кус/4920 FL0696675 22/10/2025 22/10/2025 Ատենախոսություններ / Dissertations ILL Non-Circ.


ՀՀ ԳԱԱ հիմնարար գիտական գրադարան
ՀՀ,Երևան 0019
Մարշալ Բաղրամյան 24/6
հեռախոս:(374-10) 52-47-50
Հետադարձ կապ

All site content, except where otherwise noted, is licensed under a
Creative Commons License